The end of poverty : how we can make it happen in our lifetime

Αποθηκεύτηκε σε:
Λεπτομέρειες βιβλιογραφικής εγγραφής
Κύριος συγγραφέας: Sachs, Jeffrey
Μορφή: Βιβλίο
Γλώσσα:English
Δημοσίευση: New York : Penguin Books, 2005.
Θέματα:
Ετικέτες: Προσθήκη ετικέτας
Δεν υπάρχουν, Καταχωρήστε ετικέτα πρώτοι!

MARC

LEADER 00000cam a2200000 i 4500
001 1/57577
008 141006s2005 nyu| ||| |||| ||eng||
020 |a 9780141018669 
035 |l 10119374 
040 |a GR-MyUa  |b gre  |e AACR2 
041 0 |a eng 
082 7 |a 339.46   |2 (23) 
100 1 |a Sachs, Jeffrey. 
245 1 4 |a The end of poverty :   |b how we can make it happen in our lifetime /   |c Jeffrey D. Sachs. 
260 |a New York :   |b Penguin Books,   |c 2005. 
300 |a xviii, 396 σ. :   |b φωτ. ;   |c 20 εκ. 
504 |a Περιλαμβάνει βιβλιογραφικές παραπομπές και ευρετήριο. 
650 0 |a Poverty  |z Developing countries. 
651 0 |a Developing countries  |x Economic policy. 
651 0 |a Developing countries  |x Economic conditions. 
650 0 |a Economic assistance  |z Developing countries. 
852 |a INST  |b RHODES  |e 20141006  |h 339.46 SAC  |p 005400036966  |q 005400036966  |t BK  |y 0 
901 |a BIBL4-2014-3 
970 |z 2014/10/06